Conceptual thinking : (Record no. 30177)
[ view plain ]
| 000 -LEADER | |
|---|---|
| fixed length control field | 00874cam a22002891 4500 |
| 001 - CONTROL NUMBER | |
| control field | 30177 |
| 003 - CONTROL NUMBER IDENTIFIER | |
| rucl marc code | BD-RjUL |
| 005 - DATE AND TIME OF LATEST TRANSACTION | |
| control field | 20211209051526.0 |
| 008 - FIXED-LENGTH DATA ELEMENTS--GENERAL INFORMATION | |
| fixed length control field | 140409s1959 nyu 001 0 eng d |
| 035 ## - SYSTEM CONTROL NUMBER | |
| System control number | (BD-RjUL)30262 |
| System control number | (OCoLC)373840 |
| 040 ## - CATALOGING SOURCE | |
| Original cataloging agency | DLC |
| Transcribing agency | ODaWU |
| Modifying agency | OCoLC |
| -- | DLC |
| -- | BD-RjUL |
| Language of cataloging | eng |
| 041 ## - LANGUAGE CODE | |
| Language code of text/sound track or separate title | eng |
| 082 00 - DEWEY DECIMAL CLASSIFICATION NUMBER | |
| Classification number | 121 |
| Author mark and year | KOC 1959 |
| 100 1# - MAIN ENTRY--PERSONAL NAME | |
| Personal name | Körner, Stephan, |
| Dates associated with a name | 1913- |
| 9 (RLIN) | 86933 |
| 245 10 - TITLE STATEMENT | |
| Title | Conceptual thinking : |
| Remainder of title | a logical inquiry / |
| Statement of responsibility, etc. | Stephan Körner |
| 260 ## - PUBLICATION, DISTRIBUTION, ETC. (IMPRINT) | |
| Place of publication, distribution, etc. | New York : |
| Name of publisher, distributor, etc. | Dover Publications, |
| Date of publication, distribution, etc. | 1959. |
| 300 ## - PHYSICAL DESCRIPTION | |
| Pagination | 301 p. ; |
| Size | 21 cm. |
| 500 ## - GENERAL NOTE | |
| General note | "An unabridged and corrected republication of the first edition." |
| 504 ## - BIBLIOGRAPHY, ETC. NOTE | |
| Bibliography, etc | Includes Index |
| 650 #0 - SUBJECT ADDED ENTRY--TOPICAL TERM | |
| Topical term or geographic name as entry element | Knowledge, Theory of. |
| 9 (RLIN) | 91759 |
| Topical term or geographic name as entry element | Thought and thinking. |
| 9 (RLIN) | 91760 |
| Topical term or geographic name as entry element | Reasoning. |
| 9 (RLIN) | 91761 |
| 942 ## - ADDED ENTRY ELEMENTS (KOHA) | |
| Source of classification or shelving scheme | Dewey Decimal Classification |
| Koha item type | Books |
| Lost status | Source of classification or shelving scheme | Damaged status | Not for loan | Collection code | Permanent Location | Current Location | Shelving location | Date acquired | Source of acquisition | Cost, normal purchase price | Total Checkouts | Full call number | Date last seen | Copy number | Koha item type |
|---|---|---|---|---|---|---|---|---|---|---|---|---|---|---|---|
| Dewey Decimal Classification | Non-fiction | Central Library, University of Rajshahi | Central Library, University of Rajshahi | 23/11/1976 | Md. Moozzem Dept of Philosolhy R.U | 76.00 | 121 KOC 1959 | 09/04/2014 | C-2 | Books | |||||
| Dewey Decimal Classification | Not For Loan | Non-fiction | Central Library, University of Rajshahi | Central Library, University of Rajshahi | Reading Room | 08/03/1963 | Zitlinger | 112.00 | 121 KOC 1959 | 10/04/2014 | C-1 | Books |